| 000 | 01618nam a22003615i 4500 | ||
|---|---|---|---|
| 999 |
_c28157 _d28128 |
||
| 003 | EG-ScBUE | ||
| 005 | 20200220105335.0 | ||
| 008 | 200219m20182020ua g 000 f ara d | ||
| 017 | _a2018 / 2587 (المجلد الأول) | ||
| 017 | _a2018 / 27097 (المجلد الثاني) | ||
| 017 | _a2020 / 1637 (المجلد الثالث) | ||
| 020 | _a9789776541603 (المجلد الأول) | ||
| 020 | _a9789776542389 (المجلد الثاني) | ||
| 020 | _a9789779920870 (المجلد الثالث) | ||
| 040 |
_aEG-ScBUE _bara _erda _cEG-ScBUE _dEG-ScBUE |
||
| 082 | 0 | 4 |
_a892.736 _bع ب د _222 |
| 100 | 1 |
_aعبد المجيد، عمرو، _eمؤلف. |
|
| 245 | 1 | 0 |
_aقواعد جارتين : _bرواية / _cعمرو عبد المجيد. |
| 246 | 3 | 4 | _aLaws of jartin |
| 250 | _aالطبعة الأولى. | ||
| 264 | 1 |
_aالقاهرة : _bعصير الكتب، _c2018-2020. |
|
| 300 |
_a3 مجلدات ؛ _c22 سم |
||
| 336 |
_aنص _btxt _2rdacontent |
||
| 337 |
_aبدون وسيط _bn _2rdamedia |
||
| 338 |
_aمجلد _bnc _2rdacarrier |
||
| 500 | _aالمجلد الأول، قواعد جارتين، الطبعة 64، المجلد الثاني، دقات الشامو، الطبعة 15، المجلد الثالث، أمواج أكما، الطبعة 15. | ||
| 505 | 0 | _aالمجلد الأول. قواعد جارتين -- المجلد الثاني. دقات الشامو -- المجلد الثالث. أمواج أكما. | |
| 541 | _aBook Fair, 2020 | ||
| 650 | 7 |
_aالقصص العربية _yقرن 21. _2BUEsh |
|
| 651 | _2BUEsh | ||
| 653 |
_bARALIT _bGGEN _cFebruary2020 |
||
| 942 | _2ddc | ||